Statistics for Languages the Pope Tweets in

Click here to take the quiz!

General Stats

  • This quiz has been taken 301 times
  • The average score is 8 of 9

Answer Stats

Language% Correct
English
98%
French
95%
Italian
95%
Spanish
95%
German
92%
Latin
85%
Portuguese
82%
Arabic
67%
Polish
56%

Score Distribution

Percentile by Number Answered

Percent of People with Each Score

Your Score History

You have not taken this quiz